000 00958nam a2200229 a 4500
001 49353
003 BD-RjUL
005 20211209054653.0
008 160820s1954 ii |||| ||| 000 0 ben d
035 _a(BD-RjUL)49472
040 _aBD-RjUL
_bben
_cBD-RjUL
_dBD-RjUL
041 _aben
082 _223
_a891.4408
_bCHS 1954
100 1 _aচট্টপাধ্যায়, শরৎচন্দ্র
_9148194
245 1 0 _aশরৎচন্দ্রের রচনাবলী /
_cশরৎচন্দ্র চট্টপাধ্যায়
250 _a৪র্থ সং.
260 _aকলিকাতা :
_bগুরুদাস চট্টপাধ্যায় এন্ড সন্স,
_c১৯৫৪ [১৩৬১]
300 _a৩৮৬ পৃ. ;
_c১৮ সেমি.
650 _aবাংলা সাহিত্য
_9122719
_xসংগ্রহ
650 _aBengali Literature
_9116542
_xCollected work
942 _2ddc
_cBK
999 _c49353
_d49353